| 000 | 00725nam a22002535i 4500 | ||
|---|---|---|---|
| 001 | 18842 | ||
| 003 | ES-MaACL | ||
| 005 | 20260626101041.0 | ||
| 007 | t| | ||
| 008 | 020321s1994 sp ||||0| spa j | ||
| 020 | _a84-7640-883-8 | ||
| 040 |
_aM-BN _bspa _cM-BN |
||
| 080 | _a821.112.2-31"19" | ||
| 100 | 0 |
_aFeuchtwanger, Lion, _d1884-1958 _950633 |
|
| 245 | 1 | 0 |
_aGoya / _cLion Feuchtwanger ; [traducido por Ana Tortajada]. |
| 260 |
_aMadrid : _bEdaf, _cD.L. 1994. |
||
| 300 |
_a564 p ; _c23 cm. |
||
| 490 | 1 |
_aClío/narrativa ; _v16 |
|
| 700 | 1 |
_aTortajada i Orriols, Anna. _9111074 |
|
| 830 | 0 |
_aClío/narrativa ; _v16 _9180525 |
|
| 852 |
_aES-MaACL _jG-4681 _bR.130975 |
||
| 999 |
_c18842 _d18842 |
||